EN CAMINO 2 (Registro nro. 67752)

Detalles MARC
000 -CABECERA
campo de control de longitud fija 00713nam a22002537a 4500
005 - FECHA Y HORA DE LA ÚLTIMA TRANSACCIÓN
campo de control 20250620184032.0
008 - DATOS DE LONGITUD FIJA--INFORMACIÓN GENERAL
campo de control de longitud fija 250620s1979 mx ||||gr|||| 001 0 spa d
020 ## - NÚMERO INTERNACIONAL ESTÁNDAR DEL LIBRO
Número Internacional Estándar del Libro 91-27-69304-X
040 ## - FUENTE DE LA CATALOGACIÓN
Lengua de catalogación spa
041 ## - CÓDIGO DE LENGUA
Código de lengua del texto/banda sonora o título independiente spa
Código de lengua original sw
082 04 - NÚMERO DE LA CLASIFICACIÓN DECIMAL DEWEY
Número de edición 468 /
Número de clasificación L56
100 ## - ENTRADA PRINCIPAL--NOMBRE DE PERSONA
Nombre de persona LLOBET, ANN- MARIE
245 ## - MENCIÓN DE TÍTULO
Título EN CAMINO 2
260 ## - PUBLICACIÓN, DISTRIBUCIÓN, ETC.
Lugar de publicación, distribución, etc. SUECIA :
Nombre del editor, distribuidor, etc. NATUR OCH KULTUR ,
Fecha de publicación, distribución, etc. 1979 .
300 ## - DESCRIPCIÓN FÍSICA
Extensión 256 páginas ,
Otras características físicas 23 cm x 17 cm
336 ## - TIPO DE CONTENIDO
Fuente rdacontent
Término de tipo de contenido texto
Código de tipo de contenido txt
337 ## - TIPO DE MEDIO
Fuente rdamedia
Nombre/término del tipo de medio sin mediación
Código del tipo de medio n
338 ## - TIPO DE SOPORTE
Fuente rdacarrier
Nombre/término del tipo de soporte volumen
Código del tipo de soporte nc
650 ## - PUNTO DE ACCESO ADICIONAL DE MATERIA--TÉRMINO DE MATERIA
Fuente del encabezamiento o término LENGUAS
650 ## - PUNTO DE ACCESO ADICIONAL DE MATERIA--TÉRMINO DE MATERIA
Fuente del encabezamiento o término LENGUAS ESPAÑOLA Y PORTUGUESA
650 ## - PUNTO DE ACCESO ADICIONAL DE MATERIA--TÉRMINO DE MATERIA
Fuente del encabezamiento o término USO DEL ESPAÑOL ESTÁNDAR
700 ## - PUNTO DE ACCESO ADICIONAL--NOMBRE DE PERSONA
Nombre de persona LANE, INGRID
Numeración TRADUCTOR
942 ## - ELEMENTOS DE PUNTO DE ACCESO ADICIONAL (KOHA)
Fuente del sistema de clasificación o colocación Dewey Decimal Classification
Tipo de ítem Koha General jóvenes y Adultos
Existencias
Estado de retiro Estado de pérdida Fuente del sistema de clasificación o colocación Estado dañado No para préstamo Código de colección Localización permanente Ubicación/localización actual Ubicación en estantería Fecha de adquisición Fuente de adquisición Total de préstamos Signatura topográfica completa Fecha visto por última vez Número de copia Precio válido a partir de Tipo de ítem Koha
    Dewey Decimal Classification   Préstamo en Sala Colección General BFC BIBLIOTECA PÚBLICA CENTRAL ESTATAL “FRANCISCO CERVANTES” BIBLIOTECA PÚBLICA CENTRAL ESTATAL “FRANCISCO CERVANTES” ACCESO "B" PLANTA BAJA 06/20/2025 DGB   468 / L56 06/20/2025 EJ.1 06/20/2025 General jóvenes y Adultos